IELTS Express: Intermediate Coursebook

שמור ב:
מידע ביבליוגרפי
מחבר ראשי: Hallows, Richard
פורמט: ספר
שפה:Undetermined
יצא לאור: Boston, MA Thompson 2006
נושאים:
תגים: הוספת תג
אין תגיות, היה/י הראשונ/ה לתייג את הרשומה!
Thư viện lưu trữ: Trung tâm Học liệu Trường Đại học Cần Thơ
LEADER 00698nam a2200229Ia 4500
001 CTU_127668
008 210402s9999 xx 000 0 und d
020 |c 149000 
082 |a 428.24 
082 |b H193 
100 |a Hallows, Richard 
245 0 |a IELTS Express: 
245 0 |b Intermediate Coursebook 
245 0 |c Richard Hallows, Martin Lisboa, Mark Unwin. 
260 |a Boston, MA 
260 |b Thompson 
260 |c 2006 
650 |a International English Language Testing System.,English language,English language 
650 |x Textbooks for foreign speakers.,Examinations 
650 |y Study guides. 
904 |i Minh 
980 |a Trung tâm Học liệu Trường Đại học Cần Thơ